000 00360nam a2200133 i 4500
001 bg
100 1 _aKRAJEWSKI, Władysław
245 0 _aZjednoczone Królestwo Wielkiej Brytanii i Irlandii Północnej /
_cWładysław Krajewski.
260 _aWarszawa,
_c1979.
040 _cBPK
041 _apol
942 _cKS
008 s pl f |000 0 pol
999 _c19204
_d19204
856 _uhttp://koha.tu.koszalin.pl/cgi-bin/koha/opac-detail.pl?biblionumber=19204
_yKatalog online BPK